banner koha

Suplementacao aminoacidica da farinha de algaroba (Prosopis juliflora) (Registro n. 336112)

MARC details
000 -LÍDER
campo de controle de tamanho fixo 01285naa a22003737a 4500
001 - NÚMERO DE CONTROLE
campo de controle BR8902089
003 - IDENTIFICADOR DO NÚMERO DE CONTROLE
campo de controle BR-BrBNA
005 - DATA E HORÁRIO DA ÚLTIMA TRANSAÇÃO
campo de controle 20250721155352.0
007 - CAMPO FIXO DE DESCRIÇÃO FÍSICA--INFORMAÇÃO GERAL
campo de controle de tamanho fixo ta
008 - CAMPO DE DADOS FIXOS--INFORMAÇÃO GERAL
campo de controle de tamanho fixo 250630b bl.|||m| |||| 00| 0 por d
040 ## - FONTE DA CATALOGAÇÃO
Instituição da catalogação original BR-BrBNA
Idioma da catalogação por
Instituição que transcreveu o registro Biblioteca Nacional de Agricultura
041 ## - CÓDIGO DE IDIOMA
Código do idioma do texto/trilha sonora ou título diferente (Pt)
072 ## - CÓDIGO DE CATEGORIA DE ASSUNTO
Código de Categoria de Assunto L02; Q55
Código do objeto 1990
-- 8954
090 ## - NÚMERO DE CHAMADA LOCAL
Número de chamada L02 BR8902089
100 1# - ENTRADA PRINCIPAL--NOME PESSOAL
Nome pessoal Fernandes, J.H.C.
100 1# - ENTRADA PRINCIPAL--NOME PESSOAL
Nome pessoal Lima, D.F.
100 1# - ENTRADA PRINCIPAL--NOME PESSOAL
Nome pessoal Leite, E.L.
100 1# - ENTRADA PRINCIPAL--NOME PESSOAL
Nome pessoal Nascimento, C.B.S.
100 1# - ENTRADA PRINCIPAL--NOME PESSOAL
Nome pessoal Lima, C.J.
100 1# - ENTRADA PRINCIPAL--NOME PESSOAL
Nome pessoal Negreiros, A.N.M.
100 1# - ENTRADA PRINCIPAL--NOME PESSOAL
Nome pessoal Silva, L.F.
100 1# - ENTRADA PRINCIPAL--NOME PESSOAL
Nome pessoal Farias, G.G.M.
111 1# - ENTRADA PRINCIPAL--NOME DO EVENTO
Nome do evento ou lugar 2. Simposio Brasileiro sobre Algaroba
Local do evento Mossoro, RN (Brazil)
Data do evento ou assinatura do tratado 6-10 Apr 1987
245 1# - TÍTULO
Título Suplementacao aminoacidica da farinha de algaroba (Prosopis juliflora)
490 ## - TÍTULO DA SÉRIE
Título da série Colecao Mossoroense. Serie C (Brazil)
Número do volume ou designação sequencial da série no. 367
500 ## - NOTA GERAL
Nota geral Trabalhos apresentados no 2. Simposio Brasileiro sobre Algaroba<br/>Mossoro, RN (Brasil): 1987. p. 181-182<br/>(BR8902089-AMS)<br/>
650 ## - ASSUNTO--TERMO TÓPICO
Cabeçalho tópico ou nome geográfico ALGAROBA
650 ## - ASSUNTO--TERMO TÓPICO
Cabeçalho tópico ou nome geográfico FARINHA
650 ## - ASSUNTO--TERMO TÓPICO
Cabeçalho tópico ou nome geográfico RACAO
650 ## - ASSUNTO--TERMO TÓPICO
Cabeçalho tópico ou nome geográfico SUPLEMENTO ALIMENTAR
773 0# - ENTRADA ANALÍTICA
Título Trabalhos apresentados no 2. Simposio Brasileiro sobre Algaroba
Número de controle do registro L02 BR8902089
Partes relacionadas Mossoro, RN (Brasil), 1987. p. 181-182
942 ## - ELEMENTOS DE ENTRADA ADICIONADOS (KOHA)
Tipo de material Koha Analítica de Monografia Seriada
Fonte da classificação ou esquema de arquivamento na estante Classificação AGRIS
909 ## -
-- 202506
-- Lúcia
-- 55
-- Lúcia Elande
Exemplares
Situação do descarte Fonte da classificação ou esquema de arquivamento na estante Situação física Não pode ser emprestado Coleção Biblioteca de origem Biblioteca atual Total de empréstimos Data de último acesso Número do exemplar Tipo de material Koha Situação das perdas Data de aquisição Fonte de aquisição
  Classificação AGRIS       Biblioteca Nacional de Agricultura - Binagri Biblioteca Nacional de Agricultura - Binagri   30/06/2025 01 Analítica de Monografia Seriada   2025-06-30 Portaria Interministerial nº 164/94

BINAGRI

Telefone: (61)3218-2567/2388/3357/2097 - binagri@agro.gov.br

Ministério da Agricultura e Pecuária , Esplanada dos Ministérios, Bloco D, Anexo B, Brasília/DF, CEP: 70.043-900